| 000 | 00840cam a22002533a 4500 | ||
|---|---|---|---|
| 001 | 18173 | ||
| 003 | PGUSA | ||
| 005 | 20140828083403.0 | ||
| 008 | 060414s2006||||xxu|||||s|||||000 1 eng d | ||
| 040 |
_aPGUSA _beng |
||
| 042 | _adc | ||
| 050 | 4 | _aPR | |
| 100 | 1 |
_aMoorman, F. W. _q(Frederic William), _d1872-1919 |
|
| 245 | 1 | 0 |
_aTales of the Ridings _h[electronic resource] / _cF. W. Moorman |
| 260 |
_bProject Gutenberg, _c2006 |
||
| 505 | 0 | _aMemoir -- A Laocoon of the Rocks -- Throp's Wife -- The Inner Voice -- B.A. -- Corn-Fever | |
| 506 | _aPublic domain in the USA. | ||
| 516 | _aElectronic text | ||
| 653 | _aYorkshire (England) -- Social life and customs -- Fiction | ||
| 700 | 1 |
_aVaughan, Charles Edwyn, _d1854-1922 |
|
| 830 | 0 |
_aProject Gutenberg _v18173 |
|
| 856 | 4 | 0 | _uhttp://www.gutenberg.org/ebooks/18173 |
| 942 | _cEB | ||
| 999 |
_c247428 _d247428 |
||